000
00322nam a2200133Ia 4500
005
20260328101516.0
008
260328s9999||||xx |||||||||||||| ||und||
100
_a
Crouvezier, G.
245
0
_a
Saint-Remi de reims /
_c
G. Crouvezier
260
_b
L'Auteur
300
_a
30 p.
650
_a
ARQUITECTURA GÓTICA
942
_c
BK
999
_c
9381
_d
9381